| 000 | 00521nam a2200193Ia 4500 | ||
|---|---|---|---|
| 005 | 20250508160803.0 | ||
| 008 | 008 250505s9999 xx 000 0 hin d | ||
| 020 | _a81-7917-099-3 | ||
| 037 | _aBooks to be hide in OPAC | ||
| 040 |
_aFEDL _beng _cFEDL |
||
| 041 |
_ahin _2eng |
||
| 084 |
_a410, KAU _qFEDL |
||
| 100 |
_aKaushik Devdutt _9417190 |
||
| 245 | 0 | _aBhasha vijyan | |
| 260 |
_aDelhi, India _bAshok Prakashan _c1942 |
||
| 300 | _axvi,336p. | ||
| 942 |
_cHB _h410, KAU |
||
| 999 |
_c1366620 _d1366620 |
||